000
00213 a2200097 4500
001
11350
100
_a
Kazziha, W.
245
_a
Revolutionary tranformation
260
_a
_b
Charles Knight
_c
090
_c
8899
_d
8899
942
_a
NUST-CAE
_c
M
_c
35709
999
_c
246423
_d
246423